| 000 -LEADER |
| fixed length control field |
00781nam a22002411 4500 |
| 001 - CONTROL NUMBER |
| control field |
4532841 |
| 005 - DATE AND TIME OF LATEST TRANSACTION |
| control field |
20220711121702.0 |
| 008 - FIXED-LENGTH DATA ELEMENTS--GENERAL INFORMATION |
| fixed length control field |
840111s1966 nyu b 000 0 eng |
| 010 ## - LIBRARY OF CONGRESS CONTROL NUMBER |
| LC control number |
65025552 |
| 040 ## - CATALOGING SOURCE |
| Original cataloging agency |
DLC/ICU |
| Transcribing agency |
ICU |
| Modifying agency |
DLC |
| 050 00 - LIBRARY OF CONGRESS CALL NUMBER |
| Classification number |
QA611 |
| Item number |
.S62 |
| 080 ## - UNIVERSAL DECIMAL CLASSIFICATION NUMBER |
| Universal Decimal Classification number |
512:514 S-79 |
| 100 1# - MAIN ENTRY--PERSONAL NAME |
| Personal name |
Spanier, Edwin Henry, |
| Dates associated with a name |
1921- |
| 9 (RLIN) |
14349 |
| 245 00 - TITLE STATEMENT |
| Title |
Algebraic topology / |
| Statement of responsibility, etc. |
[by] Edwin H. Spanier. |
| 260 ## - PUBLICATION, DISTRIBUTION, ETC. |
| Place of publication, distribution, etc. |
New York, |
| Name of publisher, distributor, etc. |
McGraw-Hill |
| Date of publication, distribution, etc. |
[1966] |
| 300 ## - PHYSICAL DESCRIPTION |
| Extent |
xiv, 528 p. |
| Dimensions |
24 cm. |
| 440 #0 - SERIES STATEMENT/ADDED ENTRY--TITLE |
| Title |
McGraw-Hill series in higher mathematics |
| 9 (RLIN) |
14350 |
| 504 ## - BIBLIOGRAPHY, ETC. NOTE |
| Bibliography, etc. note |
Bibliography: p. 10-11. |
| 650 #0 - SUBJECT ADDED ENTRY--TOPICAL TERM |
| Topical term or geographic name entry element |
Algebraic topology. |
| 9 (RLIN) |
14325 |
| 650 #0 - SUBJECT ADDED ENTRY--TOPICAL TERM |
| Topical term or geographic name entry element |
ალგებრული ტოპოლოგია. |
| 9 (RLIN) |
14351 |
| 906 ## - LOCAL DATA ELEMENT F, LDF (RLIN) |
| a |
7 |
| b |
cbc |
| c |
orignew |
| d |
u |
| e |
ocip |
| f |
19 |
| g |
y-gencatlg |
| 942 ## - ADDED ENTRY ELEMENTS (KOHA) |
| Source of classification or shelving scheme |
|
| Koha item type |
წიგნი |